000 00776nam a2200253Ia 4500
003 OSt
005 20220923213025.0
006 a|||||r|||| 00| 0
007 ta
008 220922b |||||||| |||| 00| 0 hin d
024 _a158,384
037 _cTextual
040 _aARTS
_cARTS
_bhin
041 _2hin
_ahin
082 _aO152,1xN5, J7
100 _aभनोत, सरनदास
_9156291
245 0 _aनिर्झरिणी
246 _aNirzariṇī
260 _aपंजाब
_b पंजाब यूनिवर्सिटी
_c1957
300 _a176पृ.
_ccm.
650 _aहिन्दी साहित्य
_9156264
942 _hO152,1xN5, J7
_cTEXL
_2CC
999 _c313183
_d313183